| 000 | 00326nam a2200121Ia 4500 | ||
|---|---|---|---|
| 005 | 20251222141942.0 | ||
| 008 | 251222s9999||||xx |||||||||||||| ||spa|| | ||
| 082 | _a338.983/H69 | ||
| 100 | _aHojman, David | ||
| 245 | 0 | _aDesarrollo Regional y Planificación Regional: | |
| 264 | _bUniversidad Central de Venezuela | ||
| 942 | _cLIB | ||
| 999 |
_c9376 _d9376 |
||